书目信息 |
| 题名: |
机械振动与冲击测试技术
|
|
| 作者: | 胡时岳 , 朱继梅同 著 | |
| 分册: | ||
| 出版信息: | 北京 科学出版社 1983.12 |
|
| 页数: | 514页 | |
| 开本: | 20cm | |
| 丛书名: | ||
| 单 册: | ||
| 中图分类: | TH113.2 | |
| 科图分类: | ||
| 主题词: | 机械学:动力学 | |
| 电子资源: | ||
| ISBN: | ||
| 000 | 00610nam0 2200205 45 | |
| 001 | 0312221749 | |
| 005 | 20031222170912.1 | |
| 010 | @dCNY2.70 | |
| 100 | @a20031222d1983 km y0chiy0120 ea | |
| 101 | @achi | |
| 105 | @a z 000yy | |
| 200 | 1 | @a机械振动与冲击测试技术@AJi Xie Zhen Dong Yu Chong Ji Ce Shi Ji Shu@f胡时岳,朱继梅同著@FHu Shi Yue,Zhu Ji Mei Tong Zhu |
| 210 | @a北京@c科学出版社@d1983.12 | |
| 215 | @a514页@d20cm | |
| 606 | 0 | @a机械学:动力学 |
| 690 | @aTH113.2@v3 | |
| 701 | 0 | @a胡时岳@4著 |
| 701 | 0 | @a朱继梅同@4著 |
| 801 | @aCN@bTSTCL@c20031222 | |
| 905 | @a213230@dTH113.2@e18@b102398-399@f2 | |
| 机械振动与冲击测试技术/胡时岳,朱继梅同著.-北京:科学出版社,1983.12 |
| 514页;20cm |
| ISBN :CNY2.70 |
| ● |
| 相关链接 |
|
|
|
|
正题名:机械振动与冲击测试技术
索取号:TH113.2/18
 
预约/预借
| 序号 | 登录号 | 条形码 | 馆藏地/架位号 | 状态 | 备注 |
| 1 | 0102398 | 001364561 | 第三借阅区/ [索取号:TH113.2/18] | 在馆 | |
| 2 | 0102399 | 001364525 | 第二样本阅览室/ [索取号:TH113.2/18] | 在馆 |